Entry Personal Name
Number of records used in: 1
001 - CONTROL NUMBER
003 - CONTROL NUMBER IDENTIFIER
005 - DATE AND TIME OF LATEST TRANSACTION
- control field:
20230926105354.0
008 - FIXED-LENGTH DATA ELEMENTS
- fixed length control field:
050802n| acannaabn |n aaa
010 ## - LIBRARY OF CONGRESS CONTROL NUMBER
- LC control number:
n 2005056784
040 ## - CATALOGING SOURCE
- Original cataloging agency:
DLC
- Language of cataloging:
eng
- Transcribing agency:
DLC
100 1# - HEADING--PERSONAL NAME
- Personal name:
Deep, Ronald
670 ## - SOURCE DATA FOUND
- Source citation:
Deep, Ronald. Probability and statistics with integrated software routines, 2006:
- Information found:
CIP t.p. (Ronald Deep) front matter (Engineering Management & Systems, University of Dayton, OH)